| 000 -LEADER |
| fixed length control field |
01051nam a2200169 4500 |
| 008 - FIXED-LENGTH DATA ELEMENTS--GENERAL INFORMATION |
| fixed length control field |
190520b ||||| |||| 00| 0 eng d |
| 100 ## - MAIN ENTRY--PERSONAL NAME |
| Personal name |
Singh, U.B. |
| 245 ## - TITLE STATEMENT |
| Title |
Characteristics of municipal leadership in Uttar Pradesh |
| 260 ## - PUBLICATION, DISTRIBUTION, ETC. (IMPRINT) |
| Date of publication, distribution, etc |
2018 |
| 300 ## - PHYSICAL DESCRIPTION |
| Extent |
p.40-49. |
| 520 ## - SUMMARY, ETC. |
| Summary, etc |
Municipal elections in Uttar Pradesh have special significance, more so during a changed regime. Fresh elections to municipalities were held in November 2017. The study finds that the newly elected Mayors and Chairpersons are comparatively young and highly educated, but majority is novice to governance. The recent municipal elections were shocker to the entire major political parties, as majority of the local leaders are independent with no political affiliation. The disinterest of people in politicians highlights the interest of people in development and better governance. - Reproduced. |
| 650 ## - SUBJECT ADDED ENTRY--TOPICAL TERM |
| Topical term or geographic name as entry element |
Local government |
| 9 (RLIN) |
5836 |
| 650 ## - SUBJECT ADDED ENTRY--TOPICAL TERM |
| Topical term or geographic name as entry element |
Municipalities |
| 9 (RLIN) |
5837 |
| 773 ## - HOST ITEM ENTRY |
| Main entry heading |
Nagarlok |
| 906 ## - LOCAL DATA ELEMENT F, LDF (RLIN) |
| Subject DIP |
Elections - India - Uttar Pradesh |
| 942 ## - ADDED ENTRY ELEMENTS (KOHA) |
| Source of classification or shelving scheme |
|
| Item type |
Articles |